| 000 | 00000nam##2200000za#4500 |
| 001 | 9.610766 |
| 003 | CaOODSP |
| 005 | 20200401015854 |
| 007 | ta |
| 008 | 150406|1993||||xxc||||| f|0| 0 eng|d |
| 022 | |a0714-6221 |
| 040 | |aCaOODSP|beng |
| 043 | |an-cn--- |
| 086 | 1 |aNM95-57/11-6-1993E |
| 110 | 1 |aCanada.|bCanadian Heritage. |bCanadian Conservation Institute. |
| 245 | 10|aRemoving paper artifacts from their frames |
| 260 | |aOttawa - Ontario : |bCanadian Heritage. |c1993. |
| 300 | |a4p. ; |c28 cm. |
| 490 | 1 |aCCI Notes |x0714-6221|v11/6 |
| 563 | |aLoose-leaf |
| 776 | 0#|tRemoving paper artifacts from their frames / |w(CaOODSP)9.570270 |
| 830 | #0|aCCI notes,|x0714-6221|v11/6|w(CaOODSP)9.514835 |